How to win at golf

Bibliographic Details
Main Author: CRAFTER, Brian
Other Authors: Pritchard, Bill# . Gould, Roger
Format: Book
Published: Australia : Viking O'Neil , 1989
Subjects:

MARC

LEADER 00000cam a2200000 7i4500
001 0000002160
002 000002357
005 20000330.0
020 |a 0670901946 
090 0 0 |a 796.3523   |b CRA 
100 1 |a CRAFTER, Brian 
245 1 0 |a How to win at golf   |c by Brian Crafter and Bill Pritchard ; photographed by Roger Gould 
260 |a Australia :   |b Viking O'Neil ,   |c 1989 
300 |a 120p. ;   |c 28cm. 
650 0 0 |a Golf 
700 1 |a Pritchard, Bill# .  |a Gould, Roger 
999 |a 033708   |b BUKU   |c PINJAMAN   |e PERPUSTAKAAN KOMUNITI PETALING JAYA